Every Place In Chippewa County, WI - Statistics

General Stats
  • This quiz has been taken 3 times
  • The average score is 4 of 8
Answer Stats
Letter Population Answer % Correct
C 15,246 Chippewa Falls
100%
C 1,450 Cornell
67%
L 7,433 Lake Hallie
67%
B 3,628 Bloomer
33%
B 605 Boyd
33%
C 1,452 Cadott
33%
N 565 New Auburn
33%
S 3,761 Stanley
33%
No matching quizzes found
Score Distribution
Percent of People with Each Score
Percentile by Number Answered
Your Score History
You have not taken this quiz